000 00387cam a22001217a 4500
008 180718b1981 xxu||||| |||| 00| 0 eng d
020 _a9251010803
082 _aZ F739
245 _aAgriculture : towards2000
_cby Food and Agriculture Organization, Italy
260 _aRome
_bFood and Agriculture Organization
_c1981
300 _a134+p.
700 _aItaly.Food and Agriculture Organization
999 _c499301
_d499301